| 000 | 01558cam a22004097a 4500 | ||
|---|---|---|---|
| 003 | CHAP | ||
| 005 | 20220329142421.0 | ||
| 008 | 010109d2000 mx ob r 00110 spa d | ||
| 010 | _a83163 | ||
| 011 | _a84135 | ||
| 035 | _a94654 | ||
| 040 | _cCHAP | ||
| 090 | _aTesis | ||
| 100 | 0 | 0 |
_aMoreno Aguilar, José Rey. _978554 |
| 245 | 1 | 0 |
_aEvaluación agronómica de siete especies de leguminosas asociadas con maíz (Zea mays L.), en la Esmeralda, Santa María Chimalapa, Oaxaca, México _c/por José Rey Moreno Aguilar y Ramsés Villeda Benitez. |
| 260 |
_aChapingo, Méx. : _bEl autor, _c2000. |
||
| 300 |
_a184h. : _bfots.; mapas; cuads.; gráfs. |
||
| 502 | _aTesis (Ing. en Agroecología) -- UACH. Departamento de Agroecología. | ||
| 590 |
_aALEPH _b10 _c20130110 _lUCH01 _h1440 |
||
| 590 |
_aBATCH-UPD _b10 _c20130110 _lUCH01 _h0510 |
||
| 590 |
_aBATCH-UPD _b10 _c20130110 _lUCH01 _h2345 |
||
| 590 |
_aBATCH-UPD _b10 _c20130410 _lUCH01 _h0149 |
||
| 590 |
_aBATCH-UPD _b10 _c20130410 _lUCH01 _h1633 |
||
| 590 |
_aBATCH-UPD _b10 _c20130914 _lUCH01 _h1125 |
||
| 590 |
_aCONVERSION _b10 _c20130109 _lUCH01 _h1346 |
||
| 650 | 1 | 4 |
_aCultivos asociados. _930370 |
| 650 | 1 | 4 |
_aCultivos de cobertura. _930371 |
| 650 | 1 | 4 |
_aLeguminosas _xOaxaca. _965843 |
| 650 | 1 | 4 |
_aLeguminosas _xRendimiento. _965849 |
| 650 | 1 | 4 |
_aMaíz _xRendimiento. _971051 |
| 700 | 0 |
_aVilleda Benitez, Ramsés. _9119731 |
|
| 901 | _aBK | ||
| 905 | _aEdna Luz | ||
| 942 | _cFOLL | ||
| 949 |
_bBC _cTES _d33724000808077 _eTS2 _fc.2 _h37686 _i94654 _si |
||
| 949 |
_bBC _cTES _d946541 _eTS1 _h37685 _i94654 _sb |
||
| 999 |
_c83163 _d83163 |
||